[Event "ch-USA w Prelim P/O"]
[Site "Saint Louis USA"]
[Date "2011.04.22"]
[Round "1"]
[White "Foisor,S"]
[Black "Zatonskih,A"]
[Result "0-1"]
[WhiteElo "2350"]
[BlackElo "2499"]
[EventDate "2011.04.15"]

1. d4 d5 2. c4 e6 3. Nc3 Be7 4. cxd5 exd5 5. Bf4 c6 6. e3 Bd6 7. Bg3 Ne7 8.
Bd3 Bf5 9. Nge2 O-O 10. Bxf5 Nxf5 11. Qd3 Qf6 12. O-O-O Nd7 13. Kb1 Rfe8
14. e4 dxe4 15. Nxe4 Qg6 16. N2c3 Bb4 17. a3 Bxc3 18. Nxc3 Rad8 19. Qc2 Nb6
20. Be5 f6 21. g4 fxe5 22. gxf5 Qf6 23. dxe5 Qxe5 24. Rxd8 Rxd8 25. Ne2 Nd5
26. Ng3 h6 27. Rd1 Rf8 28. Qb3 Kh8 29. Ka1 b6 30. Qc2 Ne7 31. Rd3 Nxf5 32.
Rf3 Qe1+ 33. Ka2 Qe6+ 34. Ka1 Qe1+ 35. Qb1 Qxb1+ 36. Kxb1 g6 37. h4 Kg7 38.
h5 Nxg3 39. Rxg3 g5 40. Rc3 c5 41. f3 Rf4 42. Rd3 c4 43. Re3 Kf7 44. Kc2
Rh4 45. Kc3 Rxh5 46. Kxc4 Rh2 47. b4 h5 48. Re5 Rg2 49. Kb5 h4 50. f4 h3
51. fxg5 h2 52. Re1 Rg1 53. g6+ Kxg6 54. Re6+ Kf7 55. Rh6 h1=Q 56. Rxh1
Rxh1 57. Ka6 Ra1 58. Kxa7 b5 59. Kb6 Rxa3 60. Kxb5 Ke7 61. Kc6 Kd8 62. b5
Kc8 63. Kb6 Kb8 64. Kc6 Rh3 65. Kb6 Rh6+ 66. Ka5 Rh8 0-1

[Event "ch-USA w Prelim P/O"]
[Site "Saint Louis USA"]
[Date "2011.04.22"]
[Round "2"]
[White "Zatonskih,A"]
[Black "Foisor,S"]
[Result "1-0"]
[WhiteElo "2499"]
[BlackElo "2350"]
[EventDate "2011.04.15"]

1. e4 c5 2. d3 e6 3. g3 d5 4. exd5 exd5 5. Bg2 Nf6 6. Ne2 Bg4 7. h3 Be6 8.
O-O Bd6 9. d4 Nc6 10. dxc5 Bxc5 11. Nd2 Qd7 12. Nf4 O-O 13. Nb3 Bb6 14. c3
Rad8 15. Nxe6 fxe6 16. Qe2 e5 17. Bg5 Qf5 18. Bxf6 Qxf6 19. Rad1 e4 20. c4
e3 21. c5 Bc7 22. Qxe3 Qxb2 23. Bxd5+ Kh8 24. Bxc6 Rxd1 25. Rxd1 bxc6 26.
Nd4 h6 27. Nxc6 Qxa2 28. Rd7 Qb1+ 29. Kg2 Qb7 30. Qe4 Rf6 31. Re7 Qxc6 32.
Re8+ Qxe8 33. Qxe8+ Kh7 34. Qe4+ Kg8 35. Qa8+ Kh7 36. Qe4+ Kg8 37. Qa8+ Kh7
38. Qxa7 Be5 39. Qe7 Rf5 40. c6 h5 41. c7 Bxc7 42. Qxc7 Rf6 43. Qe5 1-0